Regionalismus a udržitelný rozvoj. Vize a příležitost

Regionalizmus ako program decentralizácie a demokratizácie. Regionalizmus vs. globalizácia, expanzia a negatívne externality. Teória regionálneho rozvoja a realita. Globalizácia a jej sociálny mechanizmus.

Saved in:
Bibliographic Details
Main Author: Kupka, Václav
Format: Book Chapter
Language:Czech
Subjects:
Tags: Add Tag
No Tags, Be the first to tag this record!

MARC

LEADER 00000nla a2200000 4500
001 0241801
005 20240417075134.8
041 0 |a cze 
044 |a CZ 
245 1 0 |a Regionalismus a udržitelný rozvoj. Vize a příležitost  |c Václav Kupka 
520 |a Regionalizmus ako program decentralizácie a demokratizácie. Regionalizmus vs. globalizácia, expanzia a negatívne externality. Teória regionálneho rozvoja a realita. Globalizácia a jej sociálny mechanizmus. 
610 2 0 |a demokracia 
610 2 0 |a decentralizácia 
610 2 0 |a globalizácia 
610 2 0 |a politika regionálna 
610 2 0 |a externality 
610 2 0 |a rozvoj trvalo udržateľný 
100 1 |a Kupka, Václav